LEADER 03255nam 22005895 450 001 9910254866803321 005 20250609111836.0 010 $a3-658-10465-1 024 7 $a10.1007/978-3-658-10465-8 035 $a(CKB)3710000000434075 035 $a(EBL)2094916 035 $a(SSID)ssj0001524955 035 $a(PQKBManifestationID)11835281 035 $a(PQKBTitleCode)TC0001524955 035 $a(PQKBWorkID)11485634 035 $a(PQKB)10192470 035 $a(DE-He213)978-3-658-10465-8 035 $a(MiAaPQ)EBC2094916 035 $a(PPN)186396716 035 $a(MiAaPQ)EBC6242245 035 $a(EXLCZ)993710000000434075 100 $a20150610d2016 u| 0 101 0 $aeng 135 $aur|n|---||||| 181 $ctxt 182 $cc 183 $acr 200 10$aIntergenerational Income Mobility and Redistributive Policy /$fby Mareike Schad 205 $a1st ed. 2016. 210 1$aWiesbaden :$cSpringer Fachmedien Wiesbaden :$cImprint: Springer Gabler,$d2016. 215 $a1 online resource (174 p.) 300 $aDescription based upon print version of record. 311 08$a3-658-10464-3 320 $aIncludes bibliographical references. 327 $aEducation Policy and Intergenerational Income Mobility -- Intergenerational Income Persistence in Germany: the Role of Education and Occupation -- Social Beliefs about Income Mobility and Redistributive Politics. 330 $aMareike Schad examines how redistributive policy measures influence intergenerational income mobility, taking into account various facets of the parent-child connection. In the first part, the author investigates the impact of education and education policy on income mobility both theoretically and empirically. The second part addresses individual beliefs regarding the determinants of personal economic success and their effect on income mobility within a society.  Contents Education Policy and Intergenerational Income Mobility Intergenerational Income Persistence in Germany: the Role of Education and Occupation Social Beliefs about Income Mobility and Redistributive Politics  Target Groups Researchers, students, and practitioners in the fields of economics with a focus on distribution policy, education economy, education policy, political economy  The Author Dr. Mareike Schad obtained her doctorate from the Technische Universität München, where she still works at the Lehrstuhl für Volkswirtschaftslehre. Her research interests are distribution policy, education economy and political economy. 606 $aEconomic policy 606 $aFinance, Public 606 $aEconomic Policy$3https://scigraph.springernature.com/ontologies/product-market-codes/W34010 606 $aPublic Economics$3https://scigraph.springernature.com/ontologies/product-market-codes/W34000 615 0$aEconomic policy. 615 0$aFinance, Public. 615 14$aEconomic Policy. 615 24$aPublic Economics. 676 $a330 676 $a336 676 $a338.9 700 $aSchad$b Mareike$4aut$4http://id.loc.gov/vocabulary/relators/aut$0862583 906 $aBOOK 912 $a9910254866803321 996 $aIntergenerational Income Mobility and Redistributive Policy$91925345 997 $aUNINA LEADER 01318nam0 22002891i 450 001 UON00264618 005 20231205103728.414 100 $a20050606d2004 |0itac50 ba 101 $ager$aJPN 102 $aDE 105 $a|||| 1|||| 200 1 $a"Nacht durchwacher" (tsuya). Ein modernes japanisches Trauerritual$fRebecca Radke 210 $aBerlin$cMori-Ogai-Gedenkstatte der Humboldt-Universitat$d2004 215 $a56 p.$d22 cm 311 $aGIA VI BA 1150 N$9UON00161148 410 0$1001UON00161148$12001 $aKleine Reihe$v31 GIA VI BA 1150 N 606 $aLetteratura giapponese$xNarrativa$xSec. 20.$3UONC000232$2FI 620 $aDE$dBerlin$3UONL003157 686 $aGIA VI BA$cGiappone - Letteratura moderna e contemporanea - Testi$2A 700 1$aRADKE$bRebekka$3UONV154037$0690184 712 $aMori-Ogai-Gedenkstatte der Humboldt-Universitat$3UONV265184$4650 801 $aIT$bSOL$c20260220$gRICA 899 $aSIBA - SISTEMA BIBLIOTECARIO DI ATENEO E ARCHIVIO STORICO$2UONSI 912 $aUON00264618 950 $aSIBA - SISTEMA BIBLIOTECARIO DI ATENEO E ARCHIVIO STORICO$dSI GIA VI BA 1150 N $eSI SA 113634 7 1150 N 996 $a"Nacht durchwacher" (tsuya). Ein modernes japanisches Trauerritual$91241001 997 $aUNIOR